Statistics for Folk på norske pengesedler

Click here to take the quiz!

General Stats

  • This quiz has been taken 63 times
  • The average score is 6 of 18

Answer Stats

PengesedelPerson% Correct
1000 (1948-87)Henrik Ibsen
71%
100 (1977-2001)Camilla Collett
62%
1000Edvard Munch
58%
50(1948-87)Bjørnstjerne Bjørnson
53%
500Sigrid Undset
49%
100(1948-87)Henrik Wergeland
47%
200Kristian Birkeland
47%
50Peter Christen Asbjørnsen
45%
5 (1948-76),10(1962-87)Fridtjof Nansen
44%
100Kirsten Flagstad
44%
50 (1977-2001)Edvard Grieg
31%
500 (1977-2001)Aasmund Olavsson Vinje
18%
1000 (1977-2001)Christian Magnus Falsen
15%
10(1948-76)Christian Michelsen
11%
Alle sedler (1877-1901)Oscar II
9%
500(1948-87)Niels Henrik Abel
7%
1000,100,10 (1901-45)Peter Wessel Tordenskiold
0%
1000(1901-55) 500,50,5 (1901-45)Wilhelm Frimann Koren Christie
0%

Score Distribution

Percentile by Number Answered

Percent of People with Each Score

Your Score History

You have not taken this quiz